| 000 | 01221ngm a22003370a 4500 | ||
|---|---|---|---|
| 001 | PT16695 | ||
| 003 | AR-LpoUNG | ||
| 005 | 20210202000227.0 | ||
| 007 | vd cvaizq | ||
| 008 | 191001s1991||||ag |||||||||||||||||spa d | ||
| 037 | _c$8.3 | ||
| 040 |
_aAR-LpoUNG _bspa _cAR-LpoUNG _eaacr |
||
| 041 | _aspa | ||
| 044 | _aag | ||
| 082 | 0 | _a306.74 588muj | |
| 100 | 1 |
_aRipstein, Arturo _edir. |
|
| 245 | 1 | 3 | _aLa mujer del puerto |
| 260 |
_aSan Luis : _bAVH, _c[1991]. |
||
| 300 | _aVHS (110 min.) : son., col. | ||
| 505 | 0 | _aGuión: Paz Alicia Garciadiego ; fotografía: Angel Goded ; música: Lucía Alvarez. - Basada en una novela de Guy de Maupassant. Cuenta una historia cargada de realismo | |
| 520 | _aPerla es una adolescente que ha sido prostituida por su madre y actúa como bailarina en un burdel, el Marro, un marinero enfermo recala en el local y se enamora de la chica, la madre pretende cortar aquella relación, pues sabe que ambos jóvenes son, en realidad hermanos. | ||
| 650 | 4 | _aCONDICIONES SOCIALES | |
| 650 | 4 | _aCULTURA | |
| 650 | 4 | _aFAMILIA | |
| 650 | 4 | _aMUJERES | |
| 650 | 4 | _aPROBLEMAS SOCIALES | |
| 650 | 4 | _aPROSTITUCION | |
| 653 | _aVIDEOS | ||
| 905 | _a16695 | ||
| 942 | _cVIDEO | ||
| 999 |
_c54389 _d54389 |
||